Marvel Cinematic Universe - Character to Actor - Statistics

General Stats
  • This quiz has been taken 53 times
  • The average score is 38 of 62
Answer Stats
Character Actor (s) % Correct
Iron Man Robert Downey Jr.
100%
Captain America Chris Evans
98%
Agatha Harkness Kathryn Hahn
98%
Thor Chris Hemsworth
93%
Star-Lord Chris Pratt
93%
Scarlet Witch Elizabeth Olsen
93%
Hulk Mark Ruffalo/ Edward Norton
93%
Black Widow Scarlett Johansson
93%
Spider-Man Tom Holland
93%
Doctor Strange Benedict Cumberbatch
90%
Black Panther Chadwick Boseman
90%
Nick Fury Samuel L. Jackson
88%
Hawk-Eye Jeremy Renner
86%
Winter Soldier Sebastian Stan
86%
Falcon Anthony Mackie
83%
Rocket Bradley Cooper
83%
War Machine Don Cheadle/Terrence Howard
83%
Vision Paul Bettany
83%
Ant-Man Paul Rudd
83%
Thanos Josh Brolin
81%
Wong Benedict Wong
76%
Captain Marvel Brie Larson
76%
Groot Vin Diesel
76%
Jane Foster Natalie Portman
74%
Gamora Zoe Saldana
74%
Drax Dave Bautista
69%
Pepper Potts Gwyneth Paltrow
69%
Heimdall Idris Elba
69%
Wasp Evangeline Lilly
67%
Odin Anthony Hopkins
64%
Hela Cate Blanchett
64%
Valkyrie Tessa Thompson
60%
Hank Pym Michael Douglas
57%
Ego Kurt Russel
55%
Nebula Karen Gillan
52%
Peggy Carter Hayley Atwell
50%
Grandmaster Jeff Goldblum
50%
Ancient One Tilda Swinton
50%
The Collector Benicio Del Toro
48%
Alexander Pierce Robert Redford
48%
Iron Monger Jeff Bridges
45%
Darcy Lewis Kat Dennings
45%
General Ross William Hurt
43%
Phil Coulson Clark Gregg
40%
Helmut Zemo Daniel Bruhl
40%
Maria Hill Cobie Smulders
38%
Mantis Pom Klementieff
38%
Erik Selvig Stellan Skarsgard
38%
Sharon Carter Emily VanCamp
36%
Whiplash Mickey Rourke
36%
Red Skull Hugo Weaving/ Ross Marquand
33%
Justin Hammer Sam Rockwell
33%
Loki Tom Hiddilston
33%
Betty Ross Liv Tyler
31%
Arnim Zola Toby Jones
31%
Bill Foster Laurence Fishburne
29%
Jimmy Woo Randall Park
29%
Kaecilius Mads Mikkelsen
26%
Luis Michael Pena
26%
Skurge Karl Urban
24%
Yellowjacket Corey Stoll
14%
Talos Ben Mendelsohn
7%
No matching quizzes found
Score Distribution
Percent of People with Each Score
Percentile by Number Answered
Your Score History
You have not taken this quiz